000 00356nam a22001217a 4500
040 _cHS
082 _a632
100 _aនុត ចន្ថា
245 _aការគ្រប់គ្រងថ្នាំកសិកម្ម និងជីកសិកម្ម
260 _aCambodia
_bនុត ចន្ថា
_cNA
300 _a49p;
942 _cKB
999 _c9451
_d9451